Psicologìa del trabajo para relaciones laborales: (Registro nro. 9389)
[ vista simple ]
| 000 -LEADER | |
|---|---|
| fixed length control field | 01958nam a2200217Ia 4500 |
| 005 - FECHA Y HORA DE LA ÚLTIMA TRANSACCIÓN | |
| control field | 20230918140255.0 |
| 008 - FIXED-LENGTH DATA ELEMENTS--GENERAL INFORMATION | |
| fixed length control field | 230912s9999 xx 000 0 und d |
| 020 ## - INTERNATIONAL STANDARD BOOK NUMBER | |
| International Standard Book Number | 84-4812-518-5 |
| 040 ## - CATALOGING SOURCE | |
| Original cataloging agency | UPAN |
| Transcribing agency | Biblioteca San Vicente |
| Description conventions | RCAA2 |
| 041 ## - LANGUAGE CODE | |
| Language code of text/sound track or separate title | spa |
| 082 ## - DEWEY DECIMAL CLASSIFICATION NUMBER | |
| Classification number | 158.7 |
| Item number | G855p |
| año de publicación | 2000 |
| 100 ## - MAIN ENTRY--PERSONAL NAME | |
| Personal name | Guillén Gestoso, Carlos |
| Relator code | aut. |
| 245 #0 - TITLE STATEMENT | |
| Title | Psicologìa del trabajo para relaciones laborales: |
| Statement of responsibility, etc | Carlos Guillen Gestoso, Rocío Guil Bozal |
| 250 ## - EDITION STATEMENT | |
| Edition statement | 1° ed. |
| 260 ## - PUBLICATION, DISTRIBUTION, ETC. (IMPRINT) | |
| Place of publication, distribution, etc | México: |
| Name of publisher, distributor, etc | McGraw Hill, |
| Date of publication, distribution, etc | 2000 |
| 300 ## - PHYSICAL DESCRIPTION | |
| Extent | 357 p.; |
| Dimensions | 24 cm. |
| 505 ## - FORMATTED CONTENTS NOTE | |
| Formatted contents note | Unidad didáctica I: fundamentos de la psicología general Capítulo 1: Fundamentos de la psicología general<br/>Capítulo 2: La conducta y sus niveles de análisis<br/>Capítulo 3: aprendizajes, conceptos y tipos<br/>Unidad didáctica II: Introducción a la psicología social<br/>Capítulo 4: La psicología y la conducta social humana<br/>Capítulo 5: Las actitudes sociales<br/>Capítulo 6: La comunicación social<br/>Capítulo 7: El nivel grupal. El grupo, dinámica y tipos<br/>Capítulo 8: El nivel de relación grupal : el estatus y los roles<br/>Unidad III: Introducción a la psicología del trabajo<br/>Capítulo La organizacion, naturales<br/>Capítulo 9: La organización: naturaleza, teoría y cultura<br/>Capitulo 10: El trabajo: fenómeno psicosocial<br/>Capítulo 11: Clima organizacional<br/>Capítulo 12: Análisis de puesto de trabajo<br/>Capítulo 13: Motivacion y satisfaccion laboral<br/>Unidad didáctica IV: Aplicación de la psicología del trabajo<br/>Capítulo 14: La selección de personal<br/>Capítulo 15: La formación en la empresa<br/>Capítulo 16: La evaluación del rendimiento<br/>Capítulo 17: Estres laboral<br/>Capítulo 18: Liderazgo y estilo de dirección<br/>Capítulo 19: El poder en los procesos de cambio<br/>Capítulo 20: De la confrontación y el conflicto hacia nuevos modelos de relaciones laborales<br/> |
| 650 ## - SUBJECT ADDED ENTRY--TOPICAL TERM | |
| Source of heading or term | LEMB |
| General subdivision | Psicología del trabajo |
| 700 ## - ADDED ENTRY--PERSONAL NAME | |
| Personal name | Guil Bozal, Rocío |
| Relator code | aut. |
| 942 ## - ADDED ENTRY ELEMENTS (KOHA) | |
| Koha item type | Libros |
| Source of classification or shelving scheme | Dewey Decimal Classification |
| Withdrawn status | Lost status | Source of classification or shelving scheme | Damaged status | Not for loan | Collection code | Home library | Current library | Date acquired | Total Checkouts | Full call number | Barcode | Date last seen | Copy number | Price effective from | Koha item type |
|---|---|---|---|---|---|---|---|---|---|---|---|---|---|---|---|
| Dewey Decimal Classification | Colección General | Biblioteca UPAN San Vicente | Biblioteca UPAN San Vicente | 12/09/2023 | 158.7 G855p | 12000158 | 12/09/2023 | 01 | 12/09/2023 | Libros |